Score 0/20 Timer 04:00
0 Plays Today
% Correct
Kevin Malone
(Brian Baumgartner)
96.7%
Gabe Lewis
(Zach Woods)
96.7%
Kelly Kapoor
(Mindy Kaling)
95.7%
Dwight Schrute
(Rainn Wilson)
95.7%
Michael Scott
(Steve Carell)
95.7%
Oscar Martinez
(Oscar Nunez)
94.6%
Meredith Palmer
(Kate Flannery)
94.6%
Jim Halpert
(John Krasinski)
94.6%
Creed Bratton
(Creed Bratton)
94.6%
Angela Martin
(Angela Kinsey)
93.5%
% Correct
Andy Bernard
(Ed Helms)
93.5%
Holly Flax
(Amy Ryan)
93.5%
Darryl Philbin
(Craig Robinson)
93.5%
Phyllis Vance
(Phyllis Smith)
93.5%
Karen Filippelli
(Rashida Jones)
93.5%
Pam Beesly
(Jenna Fischer)
93.5%
Ryan Howard
(BJ Novak)
93.5%
Erin Hannon
(Ellie Kemper)
92.4%
Toby Flenderson
(Paul Lieberstein)
92.4%
Stanley Hudson
(Leslie Baker)
92.4%
Remove Ads.
Support Sporcle.
Get the best of Sporcle when you Go Orange. This ad-free experience offers more features, more stats, and more fun while also helping to support Sporcle. Thank you for becoming a member.

You're not logged in!

Compare scores with friends on all Sporcle quizzes.
OR
Log In

Sporcle TV

Today on Sporcle TV


Watch our educational content, quiz creation guides, and fun videos on Sporcle TV.

Show Comments

Extras

Top Quizzes Today


Score Distribution

Paid Content

Your Account Isn't Verified!

In order to create a playlist on Sporcle, you need to verify the email address you used during registration. Go to your Sporcle Settings to finish the process.

Report this User

Report this user for behavior that violates our Community Guidelines.

Details: